Marga (Record no. 174621)
[ view plain ]
| 000 -LEADER | |
|---|---|
| fixed length control field | 00508nam a2200205Ia 4500 |
| 003 - CONTROL NUMBER IDENTIFIER | |
| control field | OSt |
| 005 - DATE AND TIME OF LATEST TRANSACTION | |
| control field | 20230531120148.0 |
| 008 - FIXED-LENGTH DATA ELEMENTS--GENERAL INFORMATION | |
| fixed length control field | 210423s1987 xx 000 0 und d |
| 040 ## - CATALOGING SOURCE | |
| Transcribing agency | AL |
| 041 ## - LANGUAGE CODE | |
| Language code of text/sound track or separate title | eng |
| 082 ## - DEWEY DECIMAL CLASSIFICATION NUMBER | |
| Classification number | 307.72 |
| Edition number | 23 |
| Item number | GUNM |
| 100 ## - MAIN ENTRY--PERSONAL NAME | |
| Personal name | GUNATILLEKE (Godfrey);TIRUCHELVAM (Neelan);COOMARASWAMY (Radhika) |
| 9 (RLIN) | 117867 |
| 245 ## - TITLE STATEMENT | |
| Title | Marga |
| 260 ## - PUBLICATION, DISTRIBUTION, ETC. | |
| Date of publication, distribution, etc. | 1987 |
| 300 ## - PHYSICAL DESCRIPTION | |
| Extent | 3,30 |
| Other physical details | PB |
| 650 ## - SUBJECT ADDED ENTRY--TOPICAL TERM | |
| Topical term or geographic name entry element | Rural Communities |
| 9 (RLIN) | 117868 |
| 650 ## - SUBJECT ADDED ENTRY--TOPICAL TERM | |
| Topical term or geographic name entry element | Sociology |
| 9 (RLIN) | 117869 |
| 906 ## - LOCAL DATA ELEMENT F, LDF (RLIN) | |
| a | Marga |
| 942 ## - ADDED ENTRY ELEMENTS (KOHA) | |
| Source of classification or shelving scheme | Dewey Decimal Classification |
| Koha item type | Book |
| Withdrawn status | Lost status | Damaged status | Not for loan | Collection code | Home library | Current library | Date acquired | Source of acquisition | Total Checkouts | Full call number | Barcode | Date last seen | Price effective from | Koha item type | Public note |
|---|---|---|---|---|---|---|---|---|---|---|---|---|---|---|---|
| Discarded | MSW | St Aloysius PG Library | St Aloysius PG Library | 12/17/2009 | Intel Book Distributers | 307.72 GUNM | PG021307 | 04/26/2021 | 04/26/2021 | Book | Discarded |